| 000 | 00889nam a2200253 4500 | ||
|---|---|---|---|
| 003 | OSt | ||
| 005 | 20260601193404.0 | ||
| 008 | 260421b1994 mx a|||| |||| 00| 0 spa d | ||
| 020 | _a9688872792 | ||
| 040 |
_aICI _bspa _cICI |
||
| 050 |
_aTS171 _bB87 |
||
| 100 | 1 |
_aBürdek, Bernhard E., _935282 |
|
| 240 | 1 |
_aDesign. _lEspañol |
|
| 245 | 1 |
_aDiseño : _bhistoria, teoria y practica del diseno industrial / _cBernhard e. burdek ; vers. castellana de Fernando vegas López-manzanares |
|
| 264 |
_bGustavo Gili, _c1994 _aMéxico : |
||
| 300 |
_a390 páginas _c23.7 cm |
||
| 336 |
_atexto _2rdacontent |
||
| 337 |
_asin medio _2rdamedia |
||
| 338 |
_avolumen _2rdacarrier |
||
| 500 | _aTraducción de: design : geschichte, theorie und praxis der produktgestaltung | ||
| 650 |
_aDiseño industrial _935283 |
||
| 700 |
_aVega Lopez-Manzanares, Fernando, _etraductor _935284 |
||
| 942 |
_2lcc _cB |
||
| 999 |
_c21062 _d21062 |
||